| 000 | 00704nam a22002177a 4500 | ||
|---|---|---|---|
| 005 | 2010072205365.0 | ||
| 010 | _aENG-97081 | ||
| 020 |
_c45.00 _a9788190875202 |
||
| 035 | _aEN-805614 | ||
| 037 | _bDBAD/PUB | ||
| 082 | _a880.9 | ||
| 100 |
_aShanthi, A. _91862 |
||
| 245 |
_aSocil and literary history of england / _cby A. Shanthi |
||
| 260 |
_aThanjaour _bNattar Pathippagam _c2009 |
||
| 270 |
_bThanjaour _a602. Mission Church St, |
||
| 300 |
_a115 p. _c21 cm (pbk) |
||
| 700 | _91438 | ||
| 700 | _91585 | ||
| 942 |
_2ddc _cEN _mSHA _h880.9 |
||
| 999 |
_c37911 _d37911 |
||